000 00436nam a2200169 i 4500
001 bg
100 1 _aROSZAK, Wojciech
245 0 _aKruszywo i betony ze spiekanych popiołów lotnych /
_cWojciech Roszak.
260 _aWarszawa :
_bITB,
_c1977.
650 9 _aPopioły lotne
650 9 _aBeton
040 _cBPK
041 _apol
080 _a666.97/.98:662.613:620.1
942 _cKS
008 s pl f |000 0 pol
999 _c17584
_d17584
856 _uhttp://koha.tu.koszalin.pl/cgi-bin/koha/opac-detail.pl?biblionumber=17584
_yKatalog online BPK